LEADER 01471nam a2200325 a 4500 001 000000124247 003 CaOOAMICUS 005 20110207163520.0 008 110207t2010 it u000 u ita r 020 $a978-88-350-2644-0 040 $aPUL$bita 082 04$a270.086 100 1 $aMarchetto, Agostino,$carciv.,$d1940-$0(OLS)http://pul/name/20824 245 10$aChiesa e migranti :$bla mia battaglia per una sola famiglia umana /$cAgostino Marchetto ; intervista di Marco Roncalli. 260 $aBrescia :$bEditrice La Scuola,$c2010. 300 $a157 p. ;$c19 cm 490 1 $aInterviste 500 $aBibliografia p. 153-155. 650 4$aEmigrazione e immigrazione$xAspetti morali e religiosi.$0(OLS)http://pul/subject/34674 650 14$aMarchetto, Agostino,$carciv.,$d1940-$xInterviste.$0(OLS)http://pul/subject/37428 700 1 $aRoncalli, Marco.$0(OLS)http://pul/name/45130 830 0$aInterviste.$0(OLS)http://pul/title/155989 850 $aPUL 852 $aPUL$W1$xSL Religione 3$y85$m270. 086 MARAG 1$j143048$qDDC 21$B142070$CPULBib$Z2$F142070 $H115813 $82 941 1 $a9 996 $6020$a978-88-350-2644-0$9(OLS)http://pul/number/146290 996 $6082$a270.086$9(OLS)http://pul/classification/1826 996 $6245$aChiesa e migranti :$bla mia battaglia per una sola famiglia umana$9(OLS)http://pul/title/156615 996 $6260$aBrescia :$bEditrice La Scuola$9(OLS)http://pul/publisher/52872 LEADER 02883nam a2200493 a 4500 001 000000089319 003 CaOOAMICUS 005 20131024163649.0 008 051117m19932005it af u000 u ita u 020 $a88-311-9426-7 (v.1) 020 $a88-311-9433-X (v.2) 035 $a11069170 040 $aMSA$bita$dEFR 041 1 $aita$alat 100 0 $aBonaventura,$cs., card.,$dc. 1217-1274.$0(OLS)http://pul/name/5448 240 10$aOpuscola franciscana$9(Bonaventura, s., card., c. 1217-1274).$lItaliano e latino.$0(OLS)http://pul/title/115344 245 10$aOpuscoli francescani /$cSan Bonaventura. 246 15$aSancti Bonaventurae Opuscula franciscana 246 15$aSancti Bonaventurae Opuscula ad ordinem spectanda. Apologia pauperum 260 $aRoma :$bCittà Nuova,$c1993-2005. 300 $a2 v. :$bill. en coul. ;$c24 cm 490 1 $aOpere di San Bonaventura =$aSancti Bonaventurae Opera ;$v14,1-2 500 $av. 1, traduzione di Andrea Boni ... [et al.] ; introduzione di Luigi Pellegrini ; indici di Jacques Guy Bougerol. - v. 2, traduzione, note e indici di Silvana Martignoni, introduzione di Attilio Stendardi. 504 $aNotes bibliogr. Index. 505 1 $av. 2. La difesa dei poveri contro il calunniatore. 546 $aTexte latin avec traduction italienne en regard. 600 04$aBonaventura,$cs., card.,$dc. 1217-1274.$tOpuscola franciscana$9(Bonaventura, s., card., c. 1217-1274).$0(OLS)http://pul/subject/29291 650 0$aFranciscans$xTheology.$2//eng$0(OLS)http://pul/subject/6437 700 1 $aMartignoni, Silvana.$0(OLS)http://pul/name/11936 700 1 $aBougerol, Jacques Guy,$cO.F.M.,$d1908-$0(OLS)http://pul/name/5334 700 1 $aBoni, Andrea,$cO.F.M.,$d1927-$0(OLS)http://pul/name/2487 700 1 $aPellegrini, Luigi.$0(OLS)http://pul/name/1158 700 1 $aStendardi, Attilio.$0(OLS)http://pul/name/54795 800 0 $aBonaventura,$cs., card.,$dc. 1217-1274.$tOpere ;$v14,1-2.$2//eng$0(OLS)http://pul/nameTitle/35$0(OLS)http://pul/name/6115$0(OLS)http://pul/title/5258 850 $aPUL 852 $aPUL$W1$xSL Religione 1$y3$m77 A 12.14,2$j112952$nBK-PRI$av. 2$qStampati$B112952$CPULBib$Z2$F112952 $HPUL100529 $82 852 $aPUL$W1$xSL Religione 1$y3$m77 A 12.14,1$j117942$nBK-PRI$av. 1$qStampati$B112951$CPULBib$Z2$F112951 $H71004 $82 941 1 $a8 996 $6020$a88-311-9426-7 (v.1)$9(OLS)http://pul/number/117218 996 $6020$a88-311-9433-X (v.2)$9(OLS)http://pul/number/117219 996 $6245$aOpuscoli francescani$9(OLS)http://pul/title/115345 996 $6246$aSancti Bonaventurae Opuscula franciscana$9(OLS)http://pul/title/115346 996 $6246$aSancti Bonaventurae Opuscula ad ordinem spectanda. Apologia pauperum$9(OLS)http://pul/title/115347 996 $6260$aRoma :$bCittà Nuova$9(OLS)http://pul/publisher/47927